000 00665npc a2200205Ia 4500
001 dd16-2411 [d000002531]
003 IT-MiCISF
008 161014s9999||||xx | und||
040 _aIT-MiCISF
_cIT-MiCISF
041 _ait
100 _aAA.VV.
245 0 _aFamiglia e divorzio
_bNuove identità in una società che cambia
250 _a1a ed.
260 _aPrato
_bComune di Prato-Assessorato ai servizi sociali
_c1995
300 _app. 95
500 _aAssociazione genitori separati, Prato (a cura di) / divorzio, figli-divorzio, diritti-bambino, mediazione, custodia-figli /
650 _adivorzio
942 _cDD
957 _71
999 _a2411
_bsi
_g1
_c208286
_d208286